000 00344nam a2200145Ia 4500
100 _aShah/M.M.
942 _cBK
654 _aDesign of electronics
245 _aDesign of Electronics circuits & computer aided design
260 _bNew Age Int (P) Ltd
_c1993
082 _a621.38195
300 _a234
546 _aENGLISH
999 _c21994
_d21994